| 000 | 01263 a2200373 4500 | ||
|---|---|---|---|
| 001 | 160707 | ||
| 650 | 0 |
_aSuccess _xPsychological aspects _9100773 |
|
| 999 |
_c160707 _d26899 |
||
| 003 | TR-AnTOB | ||
| 005 | 20240910102930.0 | ||
| 008 | 091204s2008 tu 000 0 tur d | ||
| 020 | _a9789944602662 | ||
| 040 | _aTR-AnTOB | ||
| 050 | 1 |
_aHF5386 _b.C519 2008 |
|
| 090 | _aHF5386 .C519 2008 | ||
| 245 | 0 |
_aYeni başlayanlar için tüccarlığın prensipleri / _cyazarı M.Clark, Osmanlıcadan çeviren ve sadeleştiren Zekeriya Kurşun. |
|
| 246 | 3 | _aTüccarlığın prensipleri. | |
| 300 |
_a136 s. ; _c24 cm. |
||
| 490 | 0 |
_aİstanbul Ticaret Odası (Series) kültürel,sanatsal ve tarihi araştırmalar ; _vyayın no. 2008-19. |
|
| 500 | _aFacsimile 1926 İstanbul. | ||
| 546 | _aIn Ottoman. | ||
| 902 | _aT001339,T001340,T001341 | ||
| 903 | _aTOBB Özel Koleksiyonu | ||
| 945 | _aMC,C.Ş | ||
| 942 | _cBK | ||
| 041 | _atur | ||
| 100 | 1 |
_aClark, M. _955915 |
|
| 264 | 1 |
_aİstanbul: _bİstanbul Ticaret Odası, _c2008. |
|
| 650 | 0 |
_aİşçi güdülemesi _929750 |
|
| 650 |
_aEmployee motivation _91905 |
||
| 650 | 7 |
_aBaşarı, İşletmelerde _2 _918406 |
|
| 650 |
_aSuccess in business _9294 |
||
| 650 | 0 |
_aBaşarı _xPsikolojik yönleri _9106321 |
|
| 700 | 1 |
_aKurşun, Zekeriya _931111 |
|